[Event "Kazakhstan Cup Women 2020"]
[Site "Almaty"]
[Date "2020.12.12"]
[Round "2.3"]
[White "Balabayeva, Xeniya"]
[Black "Serikbay, Assel"]
[Result "0-1"]
[WhiteElo "2146"]
[BlackElo "2247"]
[Annotator "RC"]
[PlyCount "124"]
[EventDate "2020.12.01"]
[EventType "tourn"]
[EventCountry "KAZ"]
[SourceTitle "playchess.com"]
[Source "ChessBase"]
[SourceQuality "1"]
[TimeControl "40/5400+30:1800+30"]

1. e4 {[%emt 0:00:00]} e6 {[%emt 0:00:00]} 2. d4 {[%emt 0:00:00]} d5 {[%emt 0:00:00]} 3. Nd2 {[%emt 0:00:00]} Nf6 {[%emt 0:00:00]} 4. e5 {[%emt 0:00:00]} Nfd7 {[%emt 0:00:00]} 5. Bd3 {[%emt 0:00:05]} c5 {[%emt 0:00:11]} 6. c3 {[%emt 0:00:07]} Nc6 {[%emt 0:00:47]} 7. Ndf3 {[%emt 0:01:21]} Be7 {[%emt 0:02:48]} 8. Ne2 {[%emt 0:01:36]} g5 {[%emt 0:15:05]} 9. h3 {[%emt 0:07:38]} b6 {[%emt 0:10:53]} 10. Be3 {[%emt 0:06:39]} Bb7 {[%emt 0:02:14]} 11. Qd2 {[%emt 0:02:54]} h6 {[%emt 0:00:58]} 12. g3 {[%emt 0:11:02]} Qc7 {[%emt 0:17:31]} 13. h4 {[%emt 0:11:39]} g4 {[%emt 0:00:19]} 14. Nh2 {[%emt 0:00:19]} Ncxe5 {[%emt 0:03:05]} 15. Bf4 {[%emt 0:06:58]} Nxd3+ {[%emt 0:00:06]} 16. Qxd3 {[%emt 0:00:06]} Bd6 {[%emt 0:00:47]} 17. Nxg4 {[%emt 0:02:08]} Bxf4 {[%emt 0:01:06]} 18. Nxf4 {[%emt 0:02:07]} O-O-O {[%emt 0:01:03]} 19. O-O {[%emt 0:11:09]} Rdg8 {[%emt 0:02:57]} 20. Qf3 {[%emt 0:01:34]} h5 {[%emt 0:09:06]} 21. Ne3 {[%emt 0:01:05]} Qd6 {[%emt 0:03:48]} 22. Rad1 {[%emt 0:07:04]} Kb8 {[%emt 0:02:27]} 23. Rfe1 {[%emt 0:02:55]} c4 {[%emt 0:10:45]} 24. Kh2 {[%emt 0:05:23]} Nf6 {[%emt 0:03:44]} 25. Qe2 {[%emt 0:06:16]} Ne4 {[%emt 0:01:22]} 26. Nf1 {[%emt 0:00:47]} Ka8 {[%emt 0:03:43]} 27. Nd2 {[%emt 0:02:16]} Nf6 {[%emt 0:00:18]} 28. Kh1 {[%emt 0:04:14]} Ng4 {[%emt 0:01:52]} 29. Nf1 {[%emt 0:03:05]} e5 {[%emt 0:04:47]} 30. dxe5 {[%emt 0:01:58]} d4+ {[%emt 0:00:05]} 31. f3 {[%emt 0:02:16]} Nxe5 {[%emt 0:00:51]} 32. Qxe5 {[%emt 0:00:46]} Bxf3+ {[%emt 0:00:11]} 33. Kg1 {[%emt 0:00:10]} Qxe5 {[%emt 0:00:04]} 34. Rxe5 {[%emt 0:00:05]} Bxd1 {[%emt 0:00:02]} 35. cxd4 {[%emt 0:00:08]} Bg4 {[%emt 0:01:28]} 36. Re7 {[%emt 0:00:38]} Rd8 {[%emt 0:00:39]} 37. d5 {[%emt 0:01:04]} Rd7 {[%emt 0:02:29]} 38. Re4 {[%emt 0:00:41]} b5 {[%emt 0:00:47]} 39. Ne3 {[%emt 0:00:34]} Kb7 {[%emt 0:00:34]} 40. Kf2 {[%emt 0:00:23]} Kb6 {[%emt 0:00:34]} 41. Re5 {[%emt 0:03:25]} Rc8 {[%emt 0:07:03]} 42. Nxh5 {[%emt 0:14:32]} Bxh5 {[%emt 0:00:06]} 43. Rxh5 {[%emt 0:00:04]} c3 {[%emt 0:00:10]} 44. bxc3 {[%emt 0:00:36]} Rxc3 {[%emt 0:00:04]} 45. Rh6+ {[%emt 0:03:19]} Kb7 {[%emt 0:05:04]} 46. Rf6 {[%emt 0:03:56]} Ra3 {[%emt 0:00:12]} 47. h5 {[%emt 0:01:33]} Rxa2+ {[%emt 0:00:05]} 48. Kf3 {[%emt 0:00:31]} Rh2 {[%emt 0:02:10]} 49. g4 {[%emt 0:02:04]} b4 {[%emt 0:01:20]} 50. Kg3 {[%emt 0:00:23]} Rh1 {[%emt 0:00:29]} 51. Kg2 {[%emt 0:00:31]} Rc1 {[%emt 0:00:17]} 52. h6 {[%emt 0:04:33]} b3 {[%emt 0:01:55]} 53. Rf2 {[%emt 0:00:33]} a5 {[%emt 0:01:12]} 54. g5 {[%emt 0:00:33]} Rc8 {[%emt 0:01:15]} 55. h7 {[%emt 0:01:14]} Rh8 {[%emt 0:00:52]} 56. Nc4 {[%emt 0:00:17]} a4 {[%emt 0:03:51]} 57. Ne5 {[%emt 0:00:43]} Rxd5 {[%emt 0:04:38]} 58. Rxf7+ {[%emt 0:00:11]} Ka6 {[%emt 0:00:07]} 59. Nc4 {[%emt 0:00:19]} Rxg5+ {[%emt 0:00:07]} 60. Kf3 {[%emt 0:00:06]} Kb5 {[%emt 0:01:10]} 61. Nd6+ {[%emt 0:00:05]} Kc6 {[%emt 0:01:04]} 62. Nc4 {[%emt 0:00:13]} Rh5 {[%emt 0:00:38]} 0-1

[Event "Kazakhstan Cup Women 2020"]
[Site "Almaty"]
[Date "2020.12.12"]
[Round "2.4"]
[White "Abdumalik, Zhansaya"]
[Black "Kamalidenova, Meruert"]
[Result "1-0"]
[WhiteElo "2478"]
[BlackElo "2231"]
[Annotator "TA"]
[PlyCount "61"]
[EventDate "2020.12.01"]
[EventType "tourn"]
[EventCountry "KAZ"]
[SourceTitle "playchess.com"]
[Source "ChessBase"]
[SourceQuality "1"]

{[%evp 25,61,70,81,85,75,70,128,109,117,127,110,119,136,115,222,225,797,797,743,247,481,483,449,495,932,934,1448,1341,1036,954,29983,6125,29962,29964,29990,29989,29995,29996]} 1. e4 c5 2. Nf3 d6 3. d4 cxd4 4. Nxd4 Nf6 5. Nc3 a6 6. Bg5 e6 7. f4 b5 8. e5 dxe5 9. fxe5 Qc7 10. exf6 Qe5+ 11. Be2 Qxg5 12. O-O Ra7 {12...Ra7 is better than 12...Qe5.} 13. Qd3 Rd7 {...Rxd4! is the strong threat.} 14. Ne4 {B96: Sicilian Najdorf: 6 Bg5 e6 7 f4, lines other than 7...Qb6 and 7...Be7.} Qe5 15. Nf3 $1 {[%cal Rf3e5]} Qxb2 ({Better is} 15... Qc7 $14 16. Qe3 Bb7) 16. Qe3 $1 $16 {White is better.} Bb7 ({Don't go for} 16... gxf6 $2 17. Rab1 $18) (16... Qxc2 $2 17. Rac1 $18) 17. Rab1 $1 {[%cal Rb1b2]} Qxa2 ({Don't play} 17... Qxc2 $6 18. Nfg5 $11) 18. Kh1 {[#]} Bxe4 $146 ({Predecessor:} 18... Qd5 19. Bd3 Qh5 20. Rfd1 Bxe4 21. Bxe4 Rxd1+ 22. Rxd1 Qc5 23. Qd3 Qc7 24. Qd4 Bc5 {1-0 (65) Kraujunas,V (1986)-Rutkus,R (2320) ICCF email 2017}) 19. Qxe4 {Strongly threatening Qa8!} gxf6 {[#]} (19... Qd5 $16 20. Qf4 Bd6 21. fxg7 Rg8) 20. Qa8 $1 $18 {Hoping for Bxb5.} Qxc2 $2 (20... Bg7) 21. Qxb8+ Ke7 22. Qf4 $2 (22. Rbd1 Qxe2 23. Rxd7+ Kxd7 24. Rc1) 22... Qc7 $2 ({Wrong is} 22... Qxe2 $2 23. Nd4 $18) (22... Qf5 {was called for.} 23. Qxf5 exf5) 23. Qh4 Bg7 24. Rbc1 {[%cal Bb1c1,Bc1c7,Bc7a7][%mdl 32]} Qb6 (24... Qb8 $142 25. Nd4 Kf8 26. Rxf6 Kg8) 25. Ne5 Rd6 26. Qh5 Rf8 27. Qxh7 Qe3 {[#]} 28. Qxg7 (28. Ng6+ $142 $1 {[%mdl 512]} fxg6 29. Qxg7+ Rf7 30. Rc7+ Rd7 31. Rxd7+ {[%mdl 64] Overworked Piece} Kxd7 32. Qxf7+ Kc6 33. Qe8+ Kc5 34. Qe7+ Kd4 35. Qa7+ {[%mdl 64] Double Attack} Ke4 36. Bf3+ Kd3 37. Rd1+ Qd2 38. Qd7+ {[%mdl 64] Double Attack} Kc2 39. Rxd2+ Kb3 40. Qd4 g5 41. Bd1+ Ka3 42. Qc3#) 28... Qxe5 29. Rc7+ {White mates.} Kd8 30. Ra7 {[%cal Rg7f8]} Re8 31. Qxf7 {Black got outplayed after the opening.  Weighted Error Value: White=0.24/Black=1.13} 1-0

[Event "Kazakhstan Cup Women 2020"]
[Site "Almaty"]
[Date "2020.12.12"]
[Round "2.5"]
[White "Abdildayeva, Laura"]
[Black "Kurmangaliyeva, Liya"]
[Result "0-1"]
[WhiteElo "1845"]
[BlackElo "1974"]
[Annotator "TA"]
[PlyCount "74"]
[EventDate "2020.12.01"]
[EventType "tourn"]
[EventCountry "KAZ"]
[SourceTitle "playchess.com"]
[Source "ChessBase"]
[SourceQuality "1"]

{[%evp 11,74,0,0,0,10,-14,27,-20,41,17,37,9,0,0,9,13,9,9,7,9,17,-21,-9,-48,0,0,0,0,0,0,0,-38,0,-43,0,-75,-70,-80,-54,-55,-62,-62,-59,-85,-87,-133,-129,-129,-137,-129,-133,-121,-131,-127,-111,-182,-138,-203,-207,-241,-234,-247,-236,-292,-296]} 1. c4 Nf6 2. g3 e6 3. Bg2 d5 4. d4 dxc4 5. Nf3 a6 6. a4 c5 7. O-O {E04: Open Catalan: 5 Nf3.} cxd4 {Black wants to play ...Nc6.} 8. Nxd4 Bc5 9. Nc2 {[#] White has an edge.} Nbd7 $146 ({Black should play} 9... Qc7 $11) ({Predecessor:} 9... Qxd1 10. Rxd1 Ng4 11. e3 Nc6 12. Nba3 Na5 13. Bd2 Nb3 14. Rab1 e5 15. h3 Nf6 {½-½ (25) Glowatzky,T (2062)-Adamczyk,M (2001) DESC email 2001}) 10. Nba3 {[%mdl 1024] White has compensation.} Qc7 11. Be3 c3 12. b4 Be7 13. Qd4 O-O 14. Qc4 Qxc4 15. Nxc4 Nd5 16. Rab1 N7f6 {Threatening ...Bd7.} 17. Bc5 Bd7 {And now ...Bxc5 would win.} 18. Bxe7 Nxe7 19. Nb6 Rab8 20. Rb3 Bc6 21. Rxc3 Rfd8 22. Ne3 h5 23. f3 (23. Rc2 $11 {keeps the balance.}) 23... Rd2 $17 24. Kf2 Ned5 25. Nexd5 Nxd5 26. Nxd5 exd5 27. Rb1 Bxa4 28. Rd3 Rxd3 29. exd3 {[%mdl 4096] Endgame KRB-KRB} Rc8 30. Rb2 d4 $1 31. f4 {[#]} Rc7 $1 32. Re2 Bb5 33. Bf1 (33. Bd5 $17) 33... Rc1 34. Re7 (34. Bg2 $17 {is a better defense.}) 34... Bc6 $19 35. Be2 Rc2 36. Rc7 {[#]} Rb2 $1 37. b5 Rxb5 {Weighted Error Value: White=0.26/Black=0.13} ({But not} 37... axb5 38. Rc8+ Kh7 39. Rd8 $17) 0-1

[Event "Kazakhstan Cup Women 2020"]
[Site "Almaty"]
[Date "2020.12.13"]
[Round "3.1"]
[White "Kurmangaliyeva, Liya"]
[Black "Nakhbayeva, Guliskhan"]
[Result "1/2-1/2"]
[WhiteElo "1974"]
[BlackElo "2328"]
[Annotator "ChessBase"]
[PlyCount "116"]
[EventDate "2020.12.01"]
[EventType "tourn"]
[EventCountry "KAZ"]
[SourceTitle "playchess.com"]
[Source "ChessBase"]
[SourceQuality "1"]
[TimeControl "40/5400+30:1800+30"]

1. e4 {[%emt 0:00:00]} e6 {[%emt 0:00:00]} 2. d4 {[%emt 0:00:00]} d5 {[%emt 0:00:00]} 3. Nc3 {[%emt 0:00:00]} Bb4 {[%emt 0:00:02]} 4. exd5 {[%emt 0:00:52]} exd5 {[%emt 0:00:05]} 5. Bd3 {[%emt 0:00:08]} Nc6 {[%emt 0:01:04]} 6. a3 {[%emt 0:00:56]} Bxc3+ {[%emt 0:01:55]} 7. bxc3 {[%emt 0:00:09]} Nge7 {[%emt 0:01:12]} 8. Qh5 {[%emt 0:01:17]} Be6 {[%emt 0:04:07]} 9. Rb1 {[%emt 0:00:35]} b6 {[%emt 0:03:13]} 10. Nf3 {[%emt 0:00:23]} Qd7 {[%emt 0:09:42]} 11. Ng5 {[%emt 0:00:59]} g6 {[%emt 0:04:33]} 12. Qf3 {[%emt 0:01:52]} O-O-O {[%emt 0:05:08]} 13. Nxe6 {[%emt 0:03:47]} fxe6 {[%emt 0:02:32]} 14. O-O {[%emt 0:03:13]} e5 {[%emt 0:02:27]} 15. dxe5 {[%emt 0:09:33]} Nxe5 {[%emt 0:00:19]} 16. Ba6+ {[%emt 0:01:03]} Kb8 {[%emt 0:00:16]} 17. Qg3 {[%emt 0:00:24]} Nf7 {[%emt 0:04:31]} 18. Bb5 {[%emt 0:21:16]} Nf5 {[%emt 0:07:58]} 19. Qh3 {[%emt 0:02:29]} Qe7 {[%emt 0:01:08]} 20. a4 {[%emt 0:02:26]} N7d6 {[%emt 0:03:19]} 21. Ba3 {[%emt 0:07:35]} Qf6 {[%emt 0:03:20]} 22. Qd3 {[%emt 0:05:20]} Ne4 {[%emt 0:06:55]} 23. a5 {[%emt 0:16:05]} Qxc3 {[%emt 0:08:07]} 24. Rfd1 {[%emt 0:04:16]} Qxd3 {[%emt 0:06:03]} 25. Rxd3 {[%emt 0:00:05]} d4 {[%emt 0:02:18]} 26. g4 {[%emt 0:03:51]} Nfd6 {[%emt 0:06:40]} 27. Bc6 {[%emt 0:01:38]} Nc3 {[%emt 0:00:58]} 28. Re1 {[%emt 0:01:43]} Nc4 {[%emt 0:01:21]} 29. Be7 {[%emt 0:03:20]} Nxa5 {[%emt 0:00:21]} 30. Bxd8 {[%emt 0:00:08]} Rxd8 {[%emt 0:00:37]} 31. Rxd4 {[%emt 0:00:33]} Nxc6 {[%emt 0:01:39]} 32. Rc4 {[%emt 0:00:04]} Rd4 {[%emt 0:03:12]} 33. Rxc3 {[%emt 0:00:56]} Rxg4+ {[%emt 0:00:04]} 34. Kf1 {[%emt 0:00:06]} Nb4 {[%emt 0:00:26]} 35. Rd1 {[%emt 0:02:05]} Kc8 {[%emt 0:00:36]} 36. f3 {[%emt 0:01:03]} Rh4 {[%emt 0:01:18]} 37. Kg2 {[%emt 0:00:08]} a5 {[%emt 0:01:17]} 38. Kg3 {[%emt 0:02:47]} Rh5 {[%emt 0:00:35]} 39. Rd4 {[%emt 0:01:57]} c5 {[%emt 0:02:10]} 40. Re4 {[%emt 0:02:39]} Kd7 {[%emt 0:02:47]} 41. Rb3 {[%emt 0:11:56]} a4 {[%emt 0:07:29]} 42. Rb1 {[%emt 0:00:38]} a3 {[%emt 0:10:11]} 43. c3 {[%emt 0:07:19]} Nd5 {[%emt 0:02:19]} 44. Rd1 {[%emt 0:00:05]} b5 {[%emt 0:03:26]} 45. c4 {[%emt 0:01:49]} b4 {[%emt 0:01:20]} 46. cxd5 {[%emt 0:02:16]} a2 {[%emt 0:00:18]} 47. d6 {[%emt 0:00:58]} Rg5+ {[%emt 0:05:48]} 48. Kf2 {[%emt 0:02:15]} Rd5 {[%emt 0:00:34]} 49. Rxd5 {[%emt 0:00:05]} a1=Q {[%emt 0:00:12]} 50. Rd2 {[%emt 0:02:56]} Qc3 {[%emt 0:04:20]} 51. Re7+ {[%emt 0:03:09]} Kd8 {[%emt 0:00:06]} 52. Ree2 {[%emt 0:00:39]} Kd7 {[%emt 0:01:40]} 53. Re7+ {[%emt 0:00:05]} Kc6 {[%emt 0:00:43]} 54. Ree2 {[%emt 0:00:28]} Kd7 {[%emt 0:01:36]} 55. Re7+ {[%emt 0:00:05]} Kd8 {[%emt 0:00:03]} 56. Ree2 {[%emt 0:00:09]} Kd7 {[%emt 0:02:24]} 57. Re7+ {[%emt 0:00:05]} Kd8 {[%emt 0:00:27]} 58. Ree2 {[%emt 0:00:04]} Kd7 {[%emt 0:00:44]} 1/2-1/2

[Event "Kazakhstan Cup Women 2020"]
[Site "Almaty"]
[Date "2020.12.13"]
[Round "3.2"]
[White "Kamalidenova, Meruert"]
[Black "Abdildayeva, Laura"]
[Result "0-1"]
[WhiteElo "2231"]
[BlackElo "1845"]
[Annotator "ChessBase"]
[PlyCount "92"]
[EventDate "2020.12.01"]
[EventType "tourn"]
[EventCountry "KAZ"]
[SourceTitle "playchess.com"]
[Source "ChessBase"]
[SourceQuality "1"]
[TimeControl "40/5400+30:1800+30"]

1. e4 {[%emt 0:00:00]} e6 {[%emt 0:00:00]} 2. d4 {[%emt 0:00:00]} d5 {[%emt 0:00:00]} 3. Nc3 {[%emt 0:00:00]} Bb4 {[%emt 0:00:00]} 4. e5 {[%emt 0:00:03]} c5 {[%emt 0:00:00]} 5. a3 {[%emt 0:00:10]} Ba5 {[%emt 0:00:00]} 6. b4 {[%emt 0:00:19]} cxd4 {[%emt 0:00:00]} 7. Nb5 {[%emt 0:00:22]} Bc7 {[%emt 0:00:08]} 8. f4 {[%emt 0:01:08]} Ne7 {[%emt 0:00:13]} 9. Bd3 {[%emt 0:01:38]} Nbc6 {[%emt 0:00:13]} 10. Nxc7+ {[%emt 0:01:41]} Qxc7 {[%emt 0:00:05]} 11. Nf3 {[%emt 0:00:53]} Bd7 {[%emt 0:00:46]} 12. O-O {[%emt 0:01:35]} Rc8 {[%emt 0:01:28]} 13. Kh1 {[%emt 0:02:09]} Nf5 {[%emt 0:01:42]} 14. Bxf5 {[%emt 0:03:40]} exf5 {[%emt 0:00:45]} 15. Bb2 {[%emt 0:01:50]} O-O {[%emt 0:00:22]} 16. Nxd4 {[%emt 0:04:08]} Nxd4 {[%emt 0:01:03]} 17. Qxd4 {[%emt 0:00:06]} Be6 {[%emt 0:00:40]} 18. Rf2 {[%emt 0:01:26]} b6 {[%emt 0:01:07]} 19. Qe3 {[%emt 0:00:48]} Qc4 {[%emt 0:00:57]} 20. Bd4 {[%emt 0:01:06]} Rc7 {[%emt 0:20:57]} 21. c3 {[%emt 0:01:44]} Rfc8 {[%emt 0:07:13]} 22. h3 {[%emt 0:04:50]} Qb3 {[%emt 0:01:11]} 23. Rf3 {[%emt 0:01:04]} Rc4 {[%emt 0:13:00]} 24. Qd2 {[%emt 0:04:25]} Qa4 {[%emt 0:03:33]} 25. Kh2 {[%emt 0:04:48]} Kf8 {[%emt 0:00:43]} 26. Qe1 {[%emt 0:01:36]} h6 {[%emt 0:02:22]} 27. Qf2 {[%emt 0:05:17]} R8c7 {[%emt 0:06:56]} 28. Ra2 {[%emt 0:02:05]} Rc8 {[%emt 0:04:55]} 29. Rd2 {[%emt 0:05:28]} R4c7 {[%emt 0:01:57]} 30. g4 {[%emt 0:01:29]} fxg4 {[%emt 0:12:48]} 31. Rg3 {[%emt 0:01:01]} Qd7 {[%emt 0:00:49]} 32. hxg4 {[%emt 0:08:20]} Bxg4 {[%emt 0:00:14]} 33. e6 {[%emt 0:00:07]} Qxe6 {[%emt 0:00:20]} 34. f5 {[%emt 0:00:11]} Qe4 {[%emt 0:02:04]} 35. Bxg7+ {[%emt 0:05:10]} Kxg7 {[%emt 0:00:55]} 36. Rd4 {[%emt 0:00:06]} Qe5 {[%emt 0:00:07]} 37. Rdxg4+ {[%emt 0:00:05]} Kf6 {[%emt 0:02:04]} 38. Qd2 {[%emt 0:05:59]} Rxc3 {[%emt 0:02:21]} 39. Qxh6+ {[%emt 0:00:08]} Ke7 {[%emt 0:00:02]} 40. f6+ {[%emt 0:02:30]} Qxf6 {[%emt 0:01:52]} 41. Re3+ {[%emt 0:32:08]} Rxe3 {[%emt 0:30:09]} 42. Qxe3+ {[%emt 0:00:05]} Qe6 {[%emt 0:00:20]} 43. Qg5+ {[%emt 0:01:29]} Kd7 {[%emt 0:00:11]} 44. Rg2 {[%emt 0:00:06]} Rh8+ {[%emt 0:00:11]} 45. Kg3 {[%emt 0:00:05]} Rh3+ {[%emt 0:00:24]} 46. Kf2 {[%emt 0:00:06]} Rxa3 {[%emt 0:00:16]} 0-1

[Event "Kazakhstan Cup Women 2020"]
[Site "Almaty"]
[Date "2020.12.13"]
[Round "3.3"]
[White "Serikbay, Assel"]
[Black "Abdumalik, Zhansaya"]
[Result "1/2-1/2"]
[WhiteElo "2247"]
[BlackElo "2478"]
[Annotator "ChessBase"]
[PlyCount "86"]
[EventDate "2020.12.01"]
[EventType "tourn"]
[EventCountry "KAZ"]
[SourceTitle "playchess.com"]
[Source "ChessBase"]
[SourceQuality "1"]
[TimeControl "40/5400+30:1800+30"]

1. d4 {[%emt 0:00:00]} d5 {[%emt 0:00:00]} 2. Nf3 {[%emt 0:00:00]} Nf6 {[%emt 0:00:00]} 3. c4 {[%emt 0:00:00]} dxc4 {[%emt 0:00:00]} 4. e3 {[%emt 0:00:41]} e6 {[%emt 0:01:52]} 5. Bxc4 {[%emt 0:00:22]} c5 {[%emt 0:00:08]} 6. O-O {[%emt 0:00:45]} a6 7. a4 {[%emt 0:02:22]} cxd4 {[%emt 0:00:27]} 8. exd4 {[%emt 0:00:04]} Nc6 {[%emt 0:00:17]} 9. Nc3 {[%emt 0:00:19]} Be7 {[%emt 0:00:20]} 10. Bf4 {[%emt 0:02:01]} O-O {[%emt 0:02:54]} 11. d5 {[%emt 0:12:42]} exd5 {[%emt 0:03:08]} 12. Nxd5 {[%emt 0:00:06]} Nxd5 {[%emt 0:00:43]} 13. Bxd5 {[%emt 0:00:18]} Qb6 {[%emt 0:04:28]} 14. Ne5 {[%emt 0:15:34]} Nxe5 {[%emt 0:27:28]} 15. Bxe5 {[%emt 0:00:06]} Be6 {[%emt 0:02:13]} 16. Bxe6 {[%emt 0:06:22]} Qxe6 {[%emt 0:01:10]} 17. Bc3 {[%emt 0:00:15]} Bf6 {[%emt 0:02:05]} 18. Bxf6 {[%emt 0:00:29]} Qxf6 {[%emt 0:00:05]} 19. Qb3 {[%emt 0:00:47]} b6 {[%emt 0:00:50]} 20. Rac1 {[%emt 0:04:32]} Rad8 {[%emt 0:01:26]} 21. Rfd1 {[%emt 0:02:31]} g6 {[%emt 0:00:50]} 22. Qc2 {[%emt 0:14:29]} Rfe8 {[%emt 0:02:18]} 23. b3 {[%emt 0:01:04]} h5 {[%emt 0:01:11]} 24. h3 {[%emt 0:03:26]} a5 {[%emt 0:01:18]} 25. Rxd8 {[%emt 0:03:14]} Rxd8 {[%emt 0:00:05]} 26. Rd1 {[%emt 0:00:23]} Re8 {[%emt 0:00:55]} 27. Qd2 {[%emt 0:04:18]} Kg7 {[%emt 0:00:20]} 28. Re1 {[%emt 0:05:12]} Rd8 {[%emt 0:00:38]} 29. Qe2 {[%emt 0:00:37]} Rd5 {[%emt 0:00:56]} 30. Rd1 {[%emt 0:02:52]} Re5 {[%emt 0:01:11]} 31. Qc4 {[%emt 0:00:15]} Re6 {[%emt 0:02:09]} 32. Qd3 {[%emt 0:00:34]} h4 {[%emt 0:02:24]} 33. Kf1 {[%emt 0:02:52]} Qe7 {[%emt 0:02:15]} 34. Qd4+ {[%emt 0:01:34]} Kh7 {[%emt 0:00:17]} 35. Kg1 {[%emt 0:01:07]} Qg5 {[%emt 0:00:49]} 36. Kf1 {[%emt 0:02:55]} Qe7 {[%emt 0:03:11]} 37. Kg1 {[%emt 0:01:33]} g5 {[%emt 0:00:54]} 38. Qd3+ {[%emt 0:00:56]} Kg7 {[%emt 0:01:02]} 39. Qc3+ {[%emt 0:04:07]} Kg6 {[%emt 0:01:50]} 40. Kf1 {[%emt 0:01:25]} Re5 {[%emt 0:02:59]} 41. Qc6+ {[%emt 0:30:27]} Re6 {[%emt 0:30:12]} 42. Qc3 {[%emt 0:00:12]} Re5 {[%emt 0:00:10]} 43. Qc6+ {[%emt 0:00:06]} Re6 1/2-1/2

[Event "Kazakhstan Cup Women 2020"]
[Site "Almaty"]
[Date "2020.12.13"]
[Round "3.4"]
[White "Kairbekova, Amina"]
[Black "Balabayeva, Xeniya"]
[Result "1-0"]
[WhiteElo "2065"]
[BlackElo "2146"]
[Annotator "NA"]
[PlyCount "61"]
[EventDate "2020.12.01"]
[EventType "tourn"]
[EventCountry "KAZ"]
[SourceTitle "playchess.com"]
[Source "ChessBase"]
[SourceQuality "1"]
[TimeControl "40/5400+30:1800+30"]

1. e4 {[%emt 0:00:00]} e6 {[%emt 0:00:00]} 2. d4 {[%emt 0:00:00]} d5 {[%emt 0:00:00]} 3. Nd2 {[%emt 0:00:00]} c5 {[%emt 0:00:00]} 4. exd5 {[%emt 0:00:00]} exd5 {[%emt 0:00:00]} 5. Ngf3 {[%emt 0:00:00]} Nc6 {[%emt 0:00:17]} 6. Bb5 {[%emt 0:00:04]} Nf6 {[%emt 0:01:09]} 7. O-O {[%emt 0:00:37]} Be7 {[%emt 0:00:38]} 8. dxc5 {[%emt 0:00:12]} Bxc5 {[%emt 0:05:01]} 9. Re1+ {[%emt 0:00:11]} Be6 {[%emt 0:00:14]} 10. Nb3 $14 {[%emt 0:01:09]} Bb6 {[%emt 0:02:35]} 11. Nbd4 {[%emt 0:00:54]} Bxd4 {[%emt 0:12:44]} 12. Nxd4 {[%emt 0:00:24]} Qd7 {[%emt 0:00:13]} 13. b3 {[%emt 0:10:31]} O-O {[%emt 0:03:34]} 14. Bb2 {[%emt 0:00:39]} Ne4 {[%emt 0:03:04]} 15. Nxe6 {[%emt 0:01:28]} Qxe6 {[%emt 0:14:46]} 16. f3 {[%emt 0:00:29]} Qg6 {[%emt 0:04:57]} 17. fxe4 {[%emt 0:00:28]} dxe4 {[%emt 0:00:04]} 18. Bxc6 {[%emt 0:01:26]} bxc6 {[%emt 0:00:11]} 19. Qd4 {[%emt 0:00:08]} f5 {[%emt 0:03:08]} 20. Rad1 {[%emt 0:00:37]} Rae8 {[%emt 0:06:37]} 21. Qc4+ {[%emt 0:00:19]} Kh8 {[%emt 0:07:58]} 22. Rd7 {[%emt 0:00:47]} Rg8 {[%emt 0:00:12]} 23. Qf7 {[%emt 0:01:58]} Qg5 {[%emt 0:01:34]} 24. h4 {[%emt 0:12:58]} Qg3 {[%emt 0:11:31]} 25. Re2 {[%emt 0:00:10]} Qg4 {[%emt 0:01:24]} 26. h5 {[%emt 0:05:37]} Ref8 {[%emt 0:04:03]} 27. h6 {[%emt 0:00:45]} Rxf7 {[%emt 0:00:27]} 28. Rxf7 {[%emt 0:00:00]} Rd8 {[%emt 0:02:34]} 29. Rd2 {[%emt 0:01:42]} Qg5 {[%emt 0:14:33]} 30. Rxd8+ {[%emt 0:00:32]} Qxd8 {[%emt 0:00:10]} 31. hxg7+ {[%emt 0:00:02]} 1-0